Statistics for EU countries

Click here to take the quiz!

General Stats

  • This quiz has been taken 12 times
    (7 since last reset)
  • The average score is 21 of 27

Answer Stats

Country% Correct
Greece
100%
Belgium
86%
Croatia
86%
Denmark
86%
Estonia
86%
France
86%
Germany
86%
Italy
86%
Luxembourg
86%
Netherlands
86%
Poland
86%
Portugal
86%
Slovenia
86%
Sweden
86%
Austria
71%
Bulgaria
71%
Czechia
71%
Finland
71%
Ireland
71%
Latvia
71%
Lithuania
71%
Malta
71%
Romania
71%
Slovakia
71%
Spain
71%
Hungary
57%
Cyprus
43%

Score Distribution

Percentile by Number Answered

Percent of People with Each Score

Your Score History

You have not taken this quiz since the last reset